Responses for Show #6685 - Friday, October 11, 2013

Contestants

[<< previous game]

Greg Buzzard, an organizing fellow originally from Warrensburg, Missouri

Julie Huffman, a judicial research lawyer from Oxnard, California

William Bernhardt, a novelist from Midwest City, Oklahoma (whose 1-day cash winnings total $20,801)

[next game >>]

Jeopardy! Round responses

CONGRESSIONAL DISTRICTS
(Alex: We want you to identify the show as we present...)
AS HEARD ON TV
___ING ___
WET BAR GLOSSARY
THE MAGIC WORD
PLEAS
    $200 5
Denver

Greg
    $200 24
30 Rock

Julie
    $200 7
saving grace

Julie
    $200 3
(William: What is a liter?)

gallon

WilliamJulie
    $200 1
(Greg: What is abracadabra?)

hocus pocus

WilliamGreg
    $200 18
not guilty

Julie
    $400 6
Idaho

William
    $400 25
Curb Your Enthusiasm

Triple Stumper
    $400 8
a shopping cart

Julie
    $400 4
a keg

Greg
    $400 2
sawing a person in half

Julie
    $400 19
(Alex: Didn't work for them.)

insanity

Greg
    $600 13
Montana, South Dakota, North Dakota

Julie
    $600 28
Glee

Greg
    $600 9
(Alex: Kind of cute aren't they? I posed for the green-footed one.)

walking papers

William
    $600 23
a snifter

William
    $600 12
David Copperfield

Julie
    $600 20
self-defense

Julie
    $800 14
Texas (and Florida)

Greg
    $1,000 10
"Waltzing Matilda"

William
    $800 27
a schooner

Triple Stumper
    $800 16
pulling a rabbit out of his hat

William
    $800 21
(Greg: What is nolo contestore?)

nolo contendere

JulieGreg
    $1000 15
Central Park

Greg
    $1000 29
[The end-of-round signal sounds.]

Family Guy

Greg
    $1000 11
pecking order

William
    $1000 26
(Julie: What is a stein?)

a tankard

Julie
Triple Stumper
    $1000 17
(Julie: What is the rise of the ... uh ... uh ... snake ta-- tamer?)

the Indian rope trick

Julie
Triple Stumper
    $1000 22
special pleading

Julie

Scores at the first commercial break (after clue 15):

William Julie Greg
$3,000 $2,400 $2,200

Scores at the end of the Jeopardy! Round:

William Julie Greg
$4,400 $3,200 $3,400

Double Jeopardy! Round responses

MEDICINE
MOVIES BY THE NUMBERS
OUR FOUNDING FATHERS
LITERARY RECORDS
OH SO SERGIO
SAILING THE 3 C's
(Alex: Each correct response will contain 3 C's.)
    $400 11
the retina

Greg
    $400 1
(Alex: That's the number.)

16

William
    $400 7
(Nathan) Hale

William
    $400 2
(Greg: What is a diary?)
(Julie: What is a memoir?)
(Alex: We'll accept a memoir. [*] would've been better.)

an autobiography

JulieGreg
    $400 21
(Alex: The Sergio in this case was [*].)

Sergio Garcia

Triple Stumper
    $400 14
a coincidence

William
    $800 12
osteoporosis

William
    $800 8
(Alex: That's the number.)

42

William
    $1,000 20
(Julie: Who is George Washington?)
(Alex: No, who is [*]? [*]. He was much more outspoken than George Washington.)

Patrick Henry

Julie
    $800 3
copyright

Greg
    $800 26
Cervantes

William
    $800 15
(Greg: What is communication?)
(Julie: What is a baccalaureate?)

a Bachelor of Sciences

WilliamJulieGreg
    $1200 19
dialysis

Julie
    $1200 9
5

Triple Stumper
    $1200 24
[less than a minute to go]

Thomas Jefferson

Julie
    $1200 4
(Edgar Allan) Poe

William
    $1200 28
[The end-of-round signal sounds.]

Fiat

Greg
    $1200 16
cockroaches

Greg
    $1600 22
multiple schlorosis

Julie
    $1600 10
13 Going On 30

Greg
    $1600 25
(John) Jay

William
    $1600 5
(Julie: What is Oxford?)
...
(Alex: [*] University Press, yes.)

Cambridge

JulieGreg
    $2,000 17
(Greg: What is moving on?)

acceptance

Greg
    $2000 23
rabies

Greg
    $2000 13
(Alex: A little weird. [*].)

6 Days, 7 Nights

Triple Stumper
    $2000 27
Paul Revere

Julie
    $2000 6
Korea

Greg
    $2000 18
concoct

Greg

Scores at the end of the Double Jeopardy! Round:

William Julie Greg
$11,600 $6,200 $13,000

[wagering suggestions for these scores]

Final Jeopardy! Round responses

WORLD CAPITALS
(Alex: You need to know the country, and then you need to know its capital.)
...
(Alex: What is [*], for Turkey. Turkey is the country, [*] is the capital--you're right.)
JulieWhat is Ankara
$3,000
WilliamWhat is Ankara?
$1,401
GregWhat is Ankara?
$11,000
Ankara

Final scores:

William Julie Greg
$13,001 $9,200 $24,000
2nd place: $2,000 3rd place: $1,000 New champion: $24,000

Game dynamics:

Coryat scores:

William Julie Greg
$11,400 $7,200 $15,000
16 R
(including 1 DD),
1 W
16 R,
5 W
(including 1 DD)
16 R,
5 W
(including 1 DD)

Combined Coryat: $33,600

[game clues] [game scores] [suggest correction]

Game tape date: 2013-08-28
The J! Archive is created by fans, for fans. Scraping, republication, monetization, and malicious use prohibited; this site may use cookies and collect identifying information. See terms. The Jeopardy! game show and all elements thereof, including but not limited to copyright and trademark thereto, are the property of Jeopardy Productions, Inc. and are protected under law. This website is not affiliated with, sponsored by, or operated by Jeopardy Productions, Inc. Join the discussion at JBoard.tv.